Brezno

Zobrazenie: Pohľad zo strany, z cesty na námestie, kde stojí mestská veža. Vpravo za ňou je mariánsky stĺp a radnica. V ľavom dolnom rohu sa pod dopravnou značkou opiera muž a žena o zábradlie

Bibliographic Details
Other Authors: Holúbek, Štefan (fotograf) (Photographer)
Format: Photo
Language:Slovak
PhysicalDescription:1 pohľadnica čiernobiela 15 x 11 cm
Published: [Bratislava] VPL 1963
Subjects:

MARC

LEADER 00000nkm a2200000 a 4500
001 vtls011902323
003 SK-MaSNL
005 20260331211459.0
007 kf bo
008 230718s1963 xo g kuslo
015 |a SNBG1963 
035 |a urn:nbn:sk:snk-km00egfn 
035 |a urn:nbn:sk:snk-km43cl1 
035 |a 802080E2-FAFD-458C-9D17-3DCAB54B02AB 
040 |a SNK  |b slo  |c SNK  |e AACR2 
041 0 |a slo 
043 |a e-xo--- 
044 |a xo  |c SK 
072 7 |a 913  |x Regionálna geografia  |2 konspekt 
080 |a 913(437.6)  |2 2011 
080 |a 725.1:352  |2 2011 
080 |a 711.61  |2 2011 
080 |a 625.712.4  |2 2011 
080 |a 904(084.121)  |2 2011 
080 |a 069  |2 2011 
080 |a 725/726.012.28  |2 2011 
080 |a 725.94  |2 2011 
080 |a 726.9  |2 2011 
100 1 |a Holúbek, Štefan  |c (fotograf)  |4 pht  |9 61229 
245 1 0 |a Brezno  |h grafika  |c foto Holúbek 
260 |a [Bratislava]  |b VPL  |c 1963 
300 |a 1 pohľadnica  |b čiernobiela  |c 15 x 11 cm 
520 8 |a Zobrazenie: Pohľad zo strany, z cesty na námestie, kde stojí mestská veža. Vpravo za ňou je mariánsky stĺp a radnica. V ľavom dolnom rohu sa pod dopravnou značkou opiera muž a žena o zábradlie 
650 0 7 |a námestia  |2 SNKPH  |9 26291 
650 0 7 |a kultúrne pamiatky  |2 SNKPH  |9 2862 
650 0 7 |a radnice  |2 SNKPH  |9 27759 
650 0 7 |a múzeá  |2 SNKPH  |9 4119 
650 0 7 |a mestské veže  |2 SNKPH  |9 173826 
650 0 7 |a mariánske stĺpy a piliere  |2 SNKPH  |9 1998 
650 0 7 |a zvonice  |2 SNKPH  |9 37813 
651 7 |a Brezno (Slovensko)  |2 SNKPHgeo  |9 31403 
655 7 |a miestne pohľadnice  |2 SNKPH  |9 70510 
655 7 |a pohľadnice kultúrnych pamiatok  |2 SNKPH  |9 70523 
852 |a Slovenská národná knižnica 
954 |a pohľadnice pôvodné (slovenské)  |2 lita 
958 |a GBN 
958 |a GC 
958 |a OND 
958 |a EUIPO 
999 |c 1120813  |d 1122743 
952 |a SNK  |b SNK  |y PREZ  |7 0  |p 17A1224049  |o snkSP 9925  |0 0  |1 0  |4 0  |d 2019-11-21  |f 1  |l 0  |r 2026-02-24 18:30:20  |w 2026-02-24